00557nam a2200145Ia 4500008004100000020001800041050002500059100001800084245007300102260005300175521002800228942001200256999001900268952012400287140911s9999 xx 000 0 und d a9780230717107 aHD 30.4b.G634e 2009 aGomm, Helena. aIn company :belementary teacher's book /cHelena Gomm... [et. al.]. aSingapore:bMarshall Cavendish Business,cc2010. aBusiness Administration kFORcBK c275572d275572 00102lcc407OPaCLbCLcGCd2014-09-11eDONATIONl0oHD 30.4 .G634e 2009pC18592r2018-05-15 00:00:00w2014-09-11yBK